00860 a2200205 4500003000500000005001700005040000900022082001200031100002700043245009500070260004000165300001200205505022500217538003000442650001400472651003600486942000800522999001900530952010500549Nust20170207171114.0 cNust a621.382 aIlyas, Zahid (MSEE-17) aA Quality of Service Based Spectrum Allocation Framework for TV White SpacescZahid Ilyas  aRawalpindibMCS,NUSTcFebruary 2015 ax, 71 p aBackground (Page-1), Literature Review and Theoretical Background (Page-5), QOS Characterization and Whitenet (Page-29), Proposed Framework (Page-36), Performance Analysis (Page-52), Conclusion and Future Work (Page-59), aAlmirah No.69 Shelf No.6  aPG Thesis aMSEE-17x2011-NUST-MS-Phd TE-18 cTHS c216263d216263 00102ddc40708NFICaMCSbMCSd2016-12-12l0o621.382 ILYpMCSTEE-244r2016-12-08w2016-12-12yBK